000 00683nam a2200241Ia 4500
005 20260430150045.0
008 008 250103s9999 xx 000 0 eng d
037 _aTheses
040 _aCRL
040 _beng
040 _ceng
041 _2eng
041 _aeng
084 _qCRL
100 _aShah Rohit Au.; Sengupta Sunita Singh Gu.
_91236330
245 0 _aNature of Power Relationships for creating collective Pride and Harmony at workplace
260 _c2021
300 _a298p.
650 _aLibrary Science
700 _aUniversity of Delhi. Faculty of Management Studies. Deptt. of Management Studies
_91236312
942 _cTH
999 _c1848842
_d1848842